[Event "GABIJ "]
[Site "SchemingMind.com"]
[Date "2024.01.07"]
[Round "-"]
[White "Steven DuCharme"]
[Black "Kenny Elliott"]
[Result "0-1"]
[WhiteCountry "USA"]
[BlackCountry "USA"]
[WhiteElo "1563"]
[WhiteRD "52"]
[BlackElo "1495"]
[BlackRD "73"]
[GameID "741125"]

1. g3 e5 2. Bg2 Nf6 3. d3 d5 4. Nf3 Nc6 5. O-O Be7 6. b3 O-O 7. Bb2 Bf5 8. Nbd2 e4 9. dxe4 dxe4 10. Nh4 Bd7
11. Nxe4 Nxe4 12. Bxe4 Bxh4 13. Bxh7+ Kh8 14. gxh4 Kxh7 15. Qd3+ Kg8 16. Qc3 f6 17. Qc4+ Kh8 18. Rad1 Qe7 19. Qd5 Be6 20. Qh5+ Kg8
21. e3 Bh3 22. Rfe1 Qe4 23. f3 Qxc2 24. Kh1 Qg2#
0-1

[Event "GABIJ "]
[Site "SchemingMind.com"]
[Date "2024.01.07"]
[Round "-"]
[White "Kenny Elliott"]
[Black "Steven DuCharme"]
[Result "0-1"]
[WhiteCountry "USA"]
[BlackCountry "USA"]
[WhiteElo "1455"]
[WhiteRD "84"]
[BlackElo "1509"]
[BlackRD "51"]
[GameID "741126"]

1. d4 Nf6 2. Nc3 d5 3. Bg5 c6 4. Bxf6 exf6 5. Nf3 Bd6 6. e3 O-O 7. Be2 Re8 8. O-O Qc7 9. Kh1 Bg4 10. h3 Bh5
11. Nh4 Bg6 12. Nxg6 hxg6 13. h4 Nd7 14. g3 Bxg3 15. fxg3 Qxg3 16. Rg1 Qh3#
0-1

[Event "GABIJ "]
[Site "SchemingMind.com"]
[Date "2024.01.07"]
[Round "-"]
[White "Steven DuCharme"]
[Black "Derek Price"]
[Result "0-1"]
[WhiteCountry "USA"]
[BlackCountry "ENG"]
[WhiteElo "1563"]
[WhiteRD "52"]
[BlackElo "2345"]
[BlackRD "69"]
[GameID "741127"]

1. b3 e5 2. Bb2 Nc6 3. g3 d5 4. Bg2 Nf6 5. Nf3 Bd6 6. O-O O-O 7. d3 Re8 8. Nbd2 h6 9. e4 d4 10. Nc4 Bf8
11. a3 b5 12. Ncd2 a5 13. h3 Nd7 14. c3 dxc3 15. Bxc3 Nc5 16. Ne1 Nxd3 17. Qc2 Nc5 18. Rd1 Qe7 19. f4 b4 20. Bb2 Ba6
21. a4 Bxf1 22. Bxf1 Rad8 23. Bb5 Qd6 24. fxe5 Rxe5 25. Bxc6 Re6 26. e5 Qxc6 27. Ndf3 Rxd1 28. Qxd1 Re8 29. Qc1 Qd5 30. Nd2 Rd8
31. Nef3 Nxb3
0-1

[Event "GABIJ "]
[Site "SchemingMind.com"]
[Date "2024.01.07"]
[Round "-"]
[White "Derek Price"]
[Black "Steven DuCharme"]
[Result "1-0"]
[WhiteCountry "ENG"]
[BlackCountry "USA"]
[WhiteElo "2349"]
[WhiteRD "70"]
[BlackElo "1509"]
[BlackRD "51"]
[GameID "741128"]

1. c4 e5 2. Nc3 Nc6 3. g3 Nf6 4. Bg2 Be7 5. Nf3 O-O 6. O-O d5 7. cxd5 Nxd5 8. Nxe5 Nxc3 9. Nxc6 bxc6 10. bxc3 Qd6
11. d4 Bd7 12. Qd3 g5 13. f4 h6 14. e4
1-0

[Event "GABIJ "]
[Site "SchemingMind.com"]
[Date "2024.01.06"]
[Round "-"]
[White "Steven DuCharme"]
[Black "Archon"]
[Result "1/2-1/2"]
[WhiteCountry "USA"]
[BlackCountry "CAN"]
[WhiteElo "1509"]
[WhiteRD "51"]
[BlackElo "1753"]
[BlackRD "57"]
[GameID "741129"]

1. d4 Nf6 2. c4 g6 3. Nf3 Bg7 4. Nc3 O-O 5. e4 d6 6. Be2 e5 7. dxe5 dxe5 8. Qxd8 Rxd8 9. O-O Nc6 10. Bg5 Rd6
11. Bxf6 Bxf6 12. Nb5 Rd7 13. Rfd1 Nd4 14. Nfxd4 exd4 15. Bd3 a6 16. Na3 Re7 17. f3 Be6 18. Rac1 Rd8 19. b3 Ree8 20. c5 Bg5
21. Rc2 c6 22. Nc4 Be3+ 23. Nxe3 dxe3 24. Re2 Re7 25. Rxe3 Red7 26. Kf1 Kf8 27. Ke2 Ke7 28. Bc2 Rxd1 29. Bxd1 Rd4 30. Rd3 Rxd3
31. Kxd3 Kf6 32. f4 Ke7 33. g4=
1/2-1/2

[Event "GABIJ "]
[Site "SchemingMind.com"]
[Date "2024.01.06"]
[Round "-"]
[White "Archon"]
[Black "Steven DuCharme"]
[Result "1-0"]
[WhiteCountry "CAN"]
[BlackCountry "USA"]
[WhiteElo "1753"]
[WhiteRD "57"]
[BlackElo "1509"]
[BlackRD "51"]
[GameID "741130"]

1. d4 Nf6 2. Bf4 b6 3. e3 Bb7 4. Nd2 d6 5. Ngf3 Ne4 6. Bd3 Nxd2 7. Qxd2 g6 8. h4 Bg7 9. h5 Nd7 10. hxg6 hxg6
11. O-O-O f5 12. Rxh8+ Bxh8 13. Rh1 Bg7 14. Rh7 Kf8 15. Ng5
1-0

[Event "GABIJ "]
[Site "SchemingMind.com"]
[Date "2024.01.07"]
[Round "-"]
[White "Steven DuCharme"]
[Black "Martin E. Hardwick"]
[Result "1-0"]
[WhiteCountry "USA"]
[BlackCountry "ENG"]
[WhiteElo "1509"]
[WhiteRD "51"]
[BlackElo "1054"]
[BlackRD "79"]
[GameID "741131"]

1. Nf3 Nf6 2. g3 d5 3. Bg2 Nc6 4. d4 e6 5. O-O Be7 6. a3 O-O 7. b3 Bd6 8. Bg5 Be7 9. Nbd2 Re8 10. Re1 Bd6
11. e4 Qd7 12. e5 Ne4 13. Nxe4 Be7 14. Bxe7 Qxe7 15. Nc5 b6 16. Nd3 Na5 17. Nd2 Nc6 18. c4 dxc4 19. Nxc4 Nxd4 20. Bxa8 Nf5
21. Bc6 Rd8 22. Qb1 Bd7 23. Bxd7 Rxd7 24. Ra2 Rd4 25. Rd2 Qd7 26. Ncb2 Rg4 27. Red1 Nxg3 28. hxg3 Qd4 29. Kf1 Qe4 30. Nf4 Qh1+
31. Ke2 Qe4+ 32. Kf1 Qh1+ 33. Ke2 Qe4+ 34. Qxe4
1-0

[Event "GABIJ "]
[Site "SchemingMind.com"]
[Date "2024.01.07"]
[Round "-"]
[White "Martin E. Hardwick"]
[Black "Steven DuCharme"]
[Result "0-1"]
[WhiteCountry "ENG"]
[BlackCountry "USA"]
[WhiteElo "1054"]
[WhiteRD "79"]
[BlackElo "1509"]
[BlackRD "51"]
[GameID "741132"]

1. d4 Nf6 2. Nf3 e6 3. e4 Nxe4 4. Bg5 Nxg5 5. Be2 Be7 6. Nbd2 O-O 7. O-O Nxf3+ 8. Nxf3 b6 9. Bd3 Bb7 10. Re1 d6
11. Qe2 Nd7 12. Qe3 Nf6 13. Be4 Nxe4 14. Qe2 f5 15. Nd2 e5 16. Nxe4 Bxe4 17. f3 Bb7 18. dxe5 dxe5 19. Qxe5 Bc5+ 20. Kh1 Qd6
21. Qe6+ Qxe6 22. Rxe6 Rae8 23. Rxe8 Rxe8 24. g3 Bxf3#
0-1

[Event "GABIJ "]
[Site "SchemingMind.com"]
[Date "2024.01.06"]
[Round "-"]
[White "Steven DuCharme"]
[Black "MazetaFighter"]
[Result "0-1"]
[WhiteCountry "USA"]
[BlackCountry "GRE"]
[WhiteElo "1509"]
[WhiteRD "51"]
[BlackElo "2141"]
[BlackRD "84"]
[GameID "741133"]

1. e4 e5 2. Nf3 Nc6 3. Bb5 a6 4. Bxc6 dxc6 5. d4 exd4 6. Qxd4 Qxd4 7. Nxd4 Bd7 8. Bf4 O-O-O 9. O-O f6 10. Nb3 Ne7
11. Nc3 Ng6 12. Bg3 Bb4 13. Ne2 Rhe8 14. a3 Rxe4
0-1

[Event "GABIJ "]
[Site "SchemingMind.com"]
[Date "2024.01.11"]
[Round "-"]
[White "MazetaFighter"]
[Black "Steven DuCharme"]
[Result "1-0"]
[WhiteCountry "GRE"]
[BlackCountry "USA"]
[WhiteElo "2147"]
[WhiteRD "76"]
[BlackElo "1563"]
[BlackRD "52"]
[GameID "741134"]

1. e4 e6 2. d4 d5 3. Nc3 a6 4. Nf3 dxe4 5. Nxe4 b6 6. Bd3 Bb7 7. O-O h6 8. c4 Nf6 9. Re1 Be7 10. Nxf6+ Bxf6
11. d5 O-O 12. dxe6 fxe6 13. Rxe6 Bc8 14. Re1 c5 15. Qc2 Bb7 16. Be4 Bxe4 17. Qxe4 Ra7 18. Rb1 Re7 19. Qd5+ Qxd5 20. cxd5 Rxe1+
21. Nxe1 Rd8 22. Bf4 g5 23. Bc7 Rxd5 24. Bxb8 Rd2 25. Nf3 Rxb2 26. Rxb2 Bxb2 27. Ba7 c4 28. Bxb6 c3 29. Ne1 Ba3 30. Kf1 Kf7
31. Ke2 Bd6 32. Kd3 Bxh2 33. g3
1-0

[Event "GABIJ "]
[Site "SchemingMind.com"]
[Date "2024.01.06"]
[Round "-"]
[White "Steven DuCharme"]
[Black "Phillip Beckett"]
[Result "1/2-1/2"]
[WhiteCountry "USA"]
[BlackCountry "ENG"]
[WhiteElo "1509"]
[WhiteRD "51"]
[BlackElo "1499"]
[BlackRD "52"]
[GameID "741135"]

1. c4 e5 2. g3 Nf6 3. Bg2 Nc6 4. d3 d5 5. cxd5 Nxd5 6. a3 Be6 7. Bd2 f6 8. Nc3 Qd7 9. Nf3 O-O-O 10. O-O Kb8
11. Rc1 Nxc3 12. Bxc3 Bc5 13. Bxe5 Bxf2+ 14. Rxf2 Nxe5 15. Nxe5 fxe5 16. Qc2 c6 17. b4 Bd5 18. Bxd5 Qxd5 19. Qc4 Rhf8 20. Qxd5 cxd5
21. e3 Rxf2 22. Kxf2 Rc8 23. Rxc8+ Kxc8 24. a4 Kd7 25. h3 Ke6 26. Kf3 Kf5 27. e4+ dxe4+ 28. dxe4+= Kg5 29. Ke3 h5 30. Kf3= Kf6
31. Ke3 g5 32. g4 h4 33. Kd3 Ke6 34. Kc4 Kd6 35. a5 Kc6 36. b5+ Kd6 37. Kb4=
1/2-1/2

[Event "GABIJ "]
[Site "SchemingMind.com"]
[Date "2024.01.06"]
[Round "-"]
[White "Phillip Beckett"]
[Black "Steven DuCharme"]
[Result "1/2-1/2"]
[WhiteCountry "ENG"]
[BlackCountry "USA"]
[WhiteElo "1499"]
[WhiteRD "52"]
[BlackElo "1509"]
[BlackRD "51"]
[GameID "741136"]

1. e4 c6 2. d4 d5 3. Nc3 dxe4 4. Nxe4 Nf6 5. Nxf6+ exf6 6. Nf3 Be7 7. Bd3 Bg4 8. O-O O-O 9. h3 Bh5 10. c3 Nd7
11. Be2 Re8 12. Qd3 Nf8 13. Be3 Bg6 14. Qd2 Ne6 15. Nh4 Nf8 16. Bc4 b5 17. Bb3 a5 18. Nxg6 Nxg6 19. Bc2 Bd6 20. Rad1 Qc7
21. Rfe1 a4 22. Bxg6 hxg6 23. Qd3 Bf4 24. Bxf4 Qxf4 25. Qf1 Re6 26. Rxe6 fxe6 27. g3 Qd6 28. Re1 Kf7 29. Qg2 Qd5 30. Qxd5 cxd5
31. f4 a3 32. b3 Rc8 33. Re3 f5= 34. Kf2 Rh8 35. Kg2 Rc8=
1/2-1/2

[Event "GABIJ "]
[Site "SchemingMind.com"]
[Date "2024.01.11"]
[Round "-"]
[White "Steven DuCharme"]
[Black "JimM"]
[Result "*"]
[WhiteCountry "USA"]
[BlackCountry "USA"]
[WhiteElo "1613"]
[WhiteRD "52"]
[BlackElo "1702"]
[BlackRD "100"]
[GameID "741137"]

1. d4 c5 2. Nf3 cxd4 3. Nxd4 e5 4. Nb3 Nf6 5. g3 d5 6. Bg2 h6 7. O-O Nc6 8. Nc3 Be7 9. Nxd5 Nxd5 10. Qxd5 Qc7
11. f4 Be6 12. Qd1 Rd8 13. Bxc6+ bxc6 14. Qe1 c5 15. f5 Bd5 16. e4 Bb7 17. c4 Ba6 18. Qe2 Bb7 19. Bd2 Qc6 20. Ba5 Rd7
21. Rfe1 O-O 22. a4 Rfd8 23. Bxd8
*

[Event "GABIJ "]
[Site "SchemingMind.com"]
[Date "2024.01.07"]
[Round "-"]
[White "JimM"]
[Black "Steven DuCharme"]
[Result "*"]
[WhiteCountry "USA"]
[BlackCountry "USA"]
[WhiteElo "1702"]
[WhiteRD "100"]
[BlackElo "1613"]
[BlackRD "52"]
[GameID "741138"]

1. e4 c5 2. Nf3 d6 3. d4 cxd4 4. Nxd4 Nf6 5. Nc3 a6 6. g3 e6 7. Bg2 Be7 8. O-O O-O 9. Be3 Nc6 10. f4 e5
11. Nf5 Bxf5 12. exf5 Qc8 13. g4 exf4 14. Bxf4 h6 15. Qd2 Kh7 16. h3 Rd8 17. Rae1 Bf8 18. Nd5 Nxd5 19. Qxd5 Ne5 20. Qe4 f6
21. c3 Rb8 22. Rd1 Qc4 23. Qd5 Qxd5 24. Rxd5 Nf7 25. c4 Rbc8 26. b3 b6
*

[Event "GABIJ "]
[Site "SchemingMind.com"]
[Date "2024.01.07"]
[Round "-"]
[White "Steven DuCharme"]
[Black "JAHI"]
[Result "0-1"]
[WhiteCountry "USA"]
[BlackCountry "INT"]
[WhiteElo "1613"]
[WhiteRD "52"]
[BlackElo "2204"]
[BlackRD "80"]
[GameID "741139"]

1. g3 h6 2. Bg2 h5 3. h4 d6 4. Nf3 d5 5. d4 g6 6. O-O Bh6 7. Bxh6 Nxh6 8. Re1 Kf8 9. e4 c6 10. exd5 cxd5
11. Nc3 Bg4 12. Qe2 Nc6 13. Qe3 Nf5 14. Qf4 Bxf3 15. Bxf3 Ncxd4 16. Bxd5 Nxc2 17. Rac1 Nxe1 18. Rxe1 Qb6 19. Qe5 Qf6 20. Qc7 Kg7
21. Be4 Rhc8 22. Qxb7 Rab8 23. Qxa7 Rxb2 24. Nd5 Qe5 25. Qa3 Rcc2 26. Nxe7 Rxf2 27. Nxf5+ gxf5
0-1

[Event "GABIJ "]
[Site "SchemingMind.com"]
[Date "2024.01.07"]
[Round "-"]
[White "JAHI"]
[Black "Steven DuCharme"]
[Result "1-0"]
[WhiteCountry "INT"]
[BlackCountry "USA"]
[WhiteElo "2204"]
[WhiteRD "80"]
[BlackElo "1613"]
[BlackRD "52"]
[GameID "741140"]

1. c3 e5 2. c4 Nf6 3. Nc3 d5 4. cxd5 Nxd5 5. d3 Be7 6. e3 O-O 7. e4 Nxc3 8. bxc3 b6 9. a3 Bb7 10. a4 a5
11. Nf3 Nd7 12. Be2 Nc5 13. Qc2 Bf6 14. Kf1 Ba6 15. Ba3 Re8 16. Bxc5 bxc5 17. g3 Rb8 18. h3 c6 19. Kg2 Qc7 20. Rhb1 Rxb1
21. Rxb1 Rb8 22. Rxb8+ Qxb8 23. d4 Bxe2 24. Qxe2 Qb6 25. dxe5 Be7 26. e6 fxe6 27. Qc4
1-0

[Event "GABIJ "]
[Site "SchemingMind.com"]
[Date "2024.01.07"]
[Round "-"]
[White "Steven DuCharme"]
[Black "eliecercruzr"]
[Result "0-1"]
[WhiteCountry "USA"]
[BlackCountry "CUB"]
[WhiteElo "1509"]
[WhiteRD "51"]
[BlackElo "2292"]
[BlackRD "59"]
[GameID "741141"]

1. e4 e5 2. Nf3 Nc6 3. Bc4 Bc5 4. O-O Nf6 5. Nc3 O-O 6. d3 h6 7. h3 a6 8. a3 d6 9. b4 Bb6 10. Rb1 Nd4
11. Na4 Ba7 12. Nxd4 Bxd4 13. Be3 b5 14. Bxd4 exd4
0-1

[Event "GABIJ "]
[Site "SchemingMind.com"]
[Date "2024.01.07"]
[Round "-"]
[White "eliecercruzr"]
[Black "Steven DuCharme"]
[Result "1-0"]
[WhiteCountry "CUB"]
[BlackCountry "USA"]
[WhiteElo "2292"]
[WhiteRD "59"]
[BlackElo "1509"]
[BlackRD "51"]
[GameID "741142"]

1. e4 d6 2. d4 g6 3. c4 Bg7 4. Nc3 Nf6 5. Nf3 O-O 6. h3 b6 7. Be2 Bb7 8. Qc2 Nbd7 9. O-O h6 10. e5 dxe5
11. dxe5 Nh7 12. e6 fxe6 13. Qxg6 Rf6 14. Qg3 Kh8 15. Rd1 Qc8 16. Nh4 Ndf8 17. Rd4 c5 18. Rg4 Rf7 19. Bxh6
1-0

[Event "GABIJ "]
[Site "SchemingMind.com"]
[Date "2024.01.07"]
[Round "-"]
[White "Kenny Elliott"]
[Black "Derek Price"]
[Result "0-1"]
[WhiteCountry "USA"]
[BlackCountry "ENG"]
[WhiteElo "1495"]
[WhiteRD "73"]
[BlackElo "2345"]
[BlackRD "69"]
[GameID "741143"]

1. d4 d5 2. Nf3 Nf6 3. Bg5 Ne4 4. Be3 Bf5 5. Nbd2 e6 6. Nxe4 Bxe4 7. Nd2 Bg6 8. g3 c6 9. Bg2 Bd6 10. O-O O-O
11. Qc1 b5 12. Nb3 Nd7 13. Bf4 Be7 14. Na5 Qxa5 15. c3 Qb6 16. b4 a5 17. Qd2 axb4 18. cxb4 Rfc8 19. e3 Qd8 20. a3 Nb6
21. Qc3 Nc4 22. Rfe1 Ra4 23. Ra2 Rca8 24. Rea1 R8a7 25. Bf1 Qa8 26. Bxc4 bxc4 27. g4 Bxb4 28. Qc1 Rxa3 29. Rxa3 Rxa3 30. Rxa3 Qxa3
31. Qxa3 Bxa3 32. g5 c3
0-1

[Event "GABIJ "]
[Site "SchemingMind.com"]
[Date "2024.01.08"]
[Round "-"]
[White "Derek Price"]
[Black "Kenny Elliott"]
[Result "1-0"]
[WhiteCountry "ENG"]
[BlackCountry "USA"]
[WhiteElo "2345"]
[WhiteRD "69"]
[BlackElo "1495"]
[BlackRD "73"]
[GameID "741144"]

1. c4 c5 2. Nf3 Nf6 3. Nc3 Nc6 4. g3 b6 5. Bg2 Bb7 6. O-O g6 7. b3 Bg7 8. Bb2 O-O 9. d4 Nxd4 10. Nxd4 Bxg2
11. Kxg2 cxd4 12. Qxd4 Ne8 13. Qd2 a5 14. Rfd1 Nd6 15. Rac1 Qc7 16. Nd5 Qb7 17. Bxg7 Kxg7 18. Kg1 e6 19. Qd4+ Kh6 20. Qh4+ Kg7
21. Qf6+ Kh6 22. Rd4 Nf5 23. Ne3 Nxd4 24. Ng4+ Kh5 25. Qh4#
1-0

[Event "GABIJ "]
[Site "SchemingMind.com"]
[Date "2024.01.07"]
[Round "-"]
[White "Kenny Elliott"]
[Black "Archon"]
[Result "0-1"]
[WhiteCountry "USA"]
[BlackCountry "CAN"]
[WhiteElo "1495"]
[WhiteRD "73"]
[BlackElo "1732"]
[BlackRD "61"]
[GameID "741145"]

1. d4 Nf6 2. Nc3 d5 3. Bg5 e6 4. Nf3 Be7 5. Bxf6 Bxf6 6. e3 O-O 7. Be2 Nd7 8. O-O c5 9. a3 b6 10. Rb1 Bb7
11. Bd3 Rc8 12. Nb5 Ra8 13. b3 Be7 14. Nc3 Rc8 15. Qc1 cxd4 16. exd4 Rxc3 17. Qd2 Qc7 18. Bb5 Rxc2 19. Qe3 Rc8 20. Bxd7 Qxd7
21. Rbc1 Rxc1 22. Rxc1 Rxc1+ 23. Qxc1 g6 24. Ne5 Qc8 25. Qe3 Bd6 26. Nf3 Qc2 27. b4 Qd1+ 28. Ne1 Bf4
0-1

[Event "GABIJ "]
[Site "SchemingMind.com"]
[Date "2024.01.07"]
[Round "-"]
[White "Archon"]
[Black "Kenny Elliott"]
[Result "1-0"]
[WhiteCountry "CAN"]
[BlackCountry "USA"]
[WhiteElo "1753"]
[WhiteRD "57"]
[BlackElo "1455"]
[BlackRD "84"]
[GameID "741146"]

1. d4 Nf6 2. Bf4 e6 3. e3 d5 4. Nd2 Nc6 5. Ngf3 Bd6 6. Bg3 O-O 7. Bd3 Bxg3 8. hxg3 Bd7 9. c3 Qe8 10. Ne5 Nxe5
11. dxe5 Ng4 12. Qxg4 Bc6 13. Nf3 g6 14. Qh4 Kg7 15. Qxh7#
1-0

[Event "GABIJ "]
[Site "SchemingMind.com"]
[Date "2024.01.07"]
[Round "-"]
[White "Kenny Elliott"]
[Black "Martin E. Hardwick"]
[Result "1-0"]
[WhiteCountry "USA"]
[BlackCountry "ENG"]
[WhiteElo "1495"]
[WhiteRD "73"]
[BlackElo "1137"]
[BlackRD "73"]
[GameID "741147"]

1. d4 d5 2. Nf3 Nf6 3. Nc3 Nc6 4. Bf4 Bf5 5. Nb5 Rc8 6. e3 Bg4 7. Be2 Ne4 8. Nd2 Bxe2 9. Qxe2 e6 10. O-O Bb4
11. c3 Ba5 12. Nxe4 dxe4 13. Qg4 O-O 14. Bh6 Qf6 15. b4 Bb6 16. c4 Rfd8 17. c5 a6 18. Nc3 Ba7 19. Bg5 Qg6 20. h4 f6
21. Qxe6+ Qf7 22. Qg4 fxg5 23. Nxe4 Re8 24. Nxg5 Qe7 25. h5 h6 26. Nh3 Qe4 27. Nf4 Re5 28. g3 Rg5 29. Qd1 Ne5 30. dxe5 Rf5
31. Ng6 Rcf8 32. Ne7+ Kh8 33. Nxf5 Qxf5 34. a3 g6 35. hxg6 Qxg6 36. Qd7 Rf7 37. Qc8+ Qg8 38. Qxb7 h5 39. Qxa6 h4 40. Qh6+ Rh7
41. Qf6+ Rg7 42. Qxh4+ Rh7 43. Qf6+ Rg7 44. Kg2 Qd5+ 45. f3 Qd2+ 46. Rf2 Qxe3 47. Rh1+ Kg8 48. Qe6+ Kf8 49. Rh8+ Rg8 50. Rxg8#
1-0

[Event "GABIJ "]
[Site "SchemingMind.com"]
[Date "2024.01.08"]
[Round "-"]
[White "Martin E. Hardwick"]
[Black "Kenny Elliott"]
[Result "0-1"]
[WhiteCountry "ENG"]
[BlackCountry "USA"]
[WhiteElo "1137"]
[WhiteRD "73"]
[BlackElo "1495"]
[BlackRD "73"]
[GameID "741148"]

1. e4 c5 2. Nf3 d6 3. Nc3 Bg4 4. Bb5+ Nd7 5. d4 a6 6. Bxd7+ Qxd7 7. dxc5 Bxf3 8. Qxf3 dxc5 9. O-O e6 10. Rd1 Qc6
11. Bf4 Nf6 12. e5 Qxf3 13. gxf3 Nh5 14. Ne2 Nxf4 15. Nxf4 Be7 16. Rd2 Bg5 17. Rd6 Bxf4 18. Rad1 Bxe5 19. Rd7 b5 20. Rb7 b4
21. Rdd7 O-O 22. Kg2 Bxb2 23. Rbc7 Bd4 24. c3 bxc3 25. Rb7 c2
0-1

[Event "GABIJ "]
[Site "SchemingMind.com"]
[Date "2024.01.07"]
[Round "-"]
[White "Kenny Elliott"]
[Black "MazetaFighter"]
[Result "0-1"]
[WhiteCountry "USA"]
[BlackCountry "GRE"]
[WhiteElo "1452"]
[WhiteRD "72"]
[BlackElo "2134"]
[BlackRD "77"]
[GameID "741149"]

1. d4 Nf6 2. Nc3 d5 3. Bg5 c6 4. Bxf6 exf6 5. e3 Bd6 6. Nf3 O-O 7. Be2 Nd7 8. O-O Re8 9. Re1 f5 10. h4 Nf6
11. Ne5 Bxe5 12. dxe5 Rxe5 13. Qd4 Qe7 14. Qf4 Bd7 15. Bd3 Ne4 16. Bxe4 fxe4 17. Qh2 Re8 18. g3 c5 19. Rad1 Bc6 20. Rd2 Rd8
21. Ne2 b5 22. Red1 b4 23. b3 a5 24. c4 bxc3 25. Nxc3 d4 26. exd4 cxd4 27. Rxd4 Rxd4 28. Rxd4 e3 29. Ne2 exf2+ 30. Qxf2 Rxe2
31. Qf4 Re1+ 32. Kh2 Rh1#
0-1

[Event "GABIJ "]
[Site "SchemingMind.com"]
[Date "2024.01.11"]
[Round "-"]
[White "MazetaFighter"]
[Black "Kenny Elliott"]
[Result "1-0"]
[WhiteCountry "GRE"]
[BlackCountry "USA"]
[WhiteElo "2147"]
[WhiteRD "76"]
[BlackElo "1495"]
[BlackRD "73"]
[GameID "741150"]

1. e4 c5 2. Nf3 d6 3. d4 Bg4 4. dxc5 Bxf3 5. Qxf3 Qa5+ 6. Nc3 Qxc5 7. Be3 Qb4 8. O-O-O Nc6 9. Nd5 Ne5 10. Nxb4 Nxf3
11. gxf3 g6 12. Nd5 O-O-O 13. Bxa7 Nf6 14. Nb6+ Kc7 15. Rd3 Nd7 16. Rc3+ Nc5 17. b4
1-0

[Event "GABIJ "]
[Site "SchemingMind.com"]
[Date "2024.01.07"]
[Round "-"]
[White "Kenny Elliott"]
[Black "Phillip Beckett"]
[Result "0-1"]
[WhiteCountry "USA"]
[BlackCountry "ENG"]
[WhiteElo "1495"]
[WhiteRD "73"]
[BlackElo "1461"]
[BlackRD "52"]
[GameID "741151"]

1. d4 d5 2. Nf3 Nf6 3. Bg5 e6 4. e3 Be7 5. Bxf6 Bxf6 6. Nc3 Nd7 7. Be2 c5 8. O-O O-O 9. a3 cxd4 10. exd4 b6
11. Ne4 dxe4 12. Ne5 Nxe5 13. dxe5 Bxe5 14. Rb1 Bb7 15. c3 Qxd1 16. Rbxd1 Rfd8 17. Rxd8+ Rxd8 18. Bc4 Kf8 19. Re1 Ke7 20. f3 Bd6
21. fxe4 Bc5+ 22. Kh1 Rd2 23. b3 Bf2 24. Rf1 Bxe4 25. h3 Bc2 26. Kh2 Bc5 27. a4 Rf2 28. Rc1 Bd6+ 29. Kg1 Rd2 30. Kf1 Bd3+
31. Bxd3 Rxd3 32. b4 Be5 33. c4 Rc3 34. Rxc3 Bxc3 35. b5 Kd6
0-1

[Event "GABIJ "]
[Site "SchemingMind.com"]
[Date "2024.01.07"]
[Round "-"]
[White "Phillip Beckett"]
[Black "Kenny Elliott"]
[Result "0-1"]
[WhiteCountry "ENG"]
[BlackCountry "USA"]
[WhiteElo "1461"]
[WhiteRD "52"]
[BlackElo "1495"]
[BlackRD "73"]
[GameID "741152"]

1. e4 c5 2. Nf3 d6 3. d4 cxd4 4. Nxd4 e5 5. Nb5 a6 6. N5c3 Nc6 7. Be3 Nf6 8. f3 Bd7 9. Nd5 Nxd5 10. Qxd5 Nb4
11. Qd2 Nc6 12. Nc3 Be7 13. Bc4 O-O 14. O-O-O Qc8 15. Nd5 b5 16. Bb3 Be6 17. Nxe7+ Nxe7 18. Bxe6 Qxe6 19. Kb1 Rfd8 20. Bg5 f6
21. Be3 b4 22. h4 h5 23. Rdg1 a5 24. g4 hxg4 25. Rxg4 Rdb8 26. Bh6 Kf7 27. Rxg7+ Ke8 28. Rhg1 Kd7 29. f4 Qc4 30. Rd1 Qc6
31. fxe5 fxe5 32. Bg5 Re8 33. h5 Ra6 34. Bf6 Qxe4 35. Qg5 Rc6 36. Bxe7 Qxc2+ 37. Ka1 Qxd1+ 38. Qc1 Qxc1#
0-1

[Event "GABIJ "]
[Site "SchemingMind.com"]
[Date "2024.01.11"]
[Round "-"]
[White "Kenny Elliott"]
[Black "JimM"]
[Result "*"]
[WhiteCountry "USA"]
[BlackCountry "USA"]
[WhiteElo "1452"]
[WhiteRD "72"]
[BlackElo "1702"]
[BlackRD "100"]
[GameID "741153"]

1. d4 c5 2. Nc3 d5 3. Nf3 Nf6 4. e3 e6 5. Be2 Nc6 6. O-O Bd7 7. a3 Bd6 8. Bd2 O-O 9. Kh1 Qc7 10. Qc1 Ne4
11. Nb5 Qb8 12. Nxd6 Qxd6 13. Bd3 cxd4 14. Nxd4 e5 15. Nxc6 bxc6 16. Bb4 c5 17. Bxe4 cxb4 18. axb4 dxe4 19. Rd1 Qe6 20. c3 f5
21. c4 Rfc8 22. b3 a6 23. Qb2 f4 24. Rd5 Re8
*

[Event "GABIJ "]
[Site "SchemingMind.com"]
[Date "2024.01.07"]
[Round "-"]
[White "JimM"]
[Black "Kenny Elliott"]
[Result "*"]
[WhiteCountry "USA"]
[BlackCountry "USA"]
[WhiteElo "1702"]
[WhiteRD "100"]
[BlackElo "1452"]
[BlackRD "72"]
[GameID "741154"]

1. d4 d5 2. c4 c6 3. Nf3 Nf6 4. Qc2 Ne4 5. Nc3 Nxc3 6. Qxc3 Bf5 7. Nh4 Be6 8. Bf4 h6 9. Bg3 Nd7 10. Nf3 Bf5
11. e3 e6 12. Be2 Be7 13. O-O O-O 14. Ne5 Nxe5 15. dxe5 a5 16. cxd5 cxd5 17. f4 b6 18. Qb3 Bc5 19. Bb5 a4 20. Qc3 d4
21. Qc4 dxe3 22. Kh1 Qd2 23. Qc3 Qd5 24. Rfe1 Bd4 25. Qc4
*

[Event "GABIJ "]
[Site "SchemingMind.com"]
[Date "2024.01.07"]
[Round "-"]
[White "Kenny Elliott"]
[Black "JAHI"]
[Result "0-1"]
[WhiteCountry "USA"]
[BlackCountry "INT"]
[WhiteElo "1452"]
[WhiteRD "72"]
[BlackElo "2204"]
[BlackRD "80"]
[GameID "741155"]

1. d4 d6 2. Nf3 d5 3. Nc3 e6 4. Bf4 Bd6 5. Bxd6 cxd6 6. e3 Kf8 7. g3 h6 8. Bg2 h5 9. h4 Nc6 10. O-O Nge7
11. a3 e5 12. e4 Bg4 13. Kh2 dxe4 14. Nxe4 d5 15. Neg5 f6 16. Bh3 fxg5 17. Bxg4 hxg4 18. Nxg5 Nxd4 19. Qxg4 Qc8 20. Qd1 Nef5
21. c3 Nxh4 22. gxh4 Qf5 23. f4 exf4 24. cxd4 Rxh4+ 25. Kg2 Qxg5+ 26. Kf2 Qg3+ 27. Ke2 Qe3#
0-1

[Event "GABIJ "]
[Site "SchemingMind.com"]
[Date "2024.01.08"]
[Round "-"]
[White "JAHI"]
[Black "Kenny Elliott"]
[Result "1-0"]
[WhiteCountry "INT"]
[BlackCountry "USA"]
[WhiteElo "2204"]
[WhiteRD "80"]
[BlackElo "1452"]
[BlackRD "72"]
[GameID "741156"]

1. c3 e5 2. c4 Bc5 3. Nc3 Nf6 4. d3 O-O 5. h3 Nc6 6. Bg5 h6 7. Bxf6 Qxf6 8. e3 b6 9. a3 Bb7 10. Be2 Qg6
11. Bf3 Rab8 12. Kf1 Nd8 13. Bxb7 Rxb7 14. Nf3 c6 15. Nxe5 Qe6 16. Nf3 Qg6 17. d4 Bd6 18. g3 Ne6 19. Nh4 Qh7 20. d5 cxd5
21. Qxd5 Rfb8 22. Qxd6 Qc2 23. Kg2 Qxb2 24. Rhc1 Nc5 25. Nf5 Nb3 26. Rab1 Qd2 27. Nd5 Nxc1 28. Nde7+ Kh8 29. Qxd2
1-0

[Event "GABIJ "]
[Site "SchemingMind.com"]
[Date "2024.01.07"]
[Round "-"]
[White "Kenny Elliott"]
[Black "eliecercruzr"]
[Result "0-1"]
[WhiteCountry "USA"]
[BlackCountry "CUB"]
[WhiteElo "1495"]
[WhiteRD "73"]
[BlackElo "2309"]
[BlackRD "60"]
[GameID "741157"]

1. d4 Nf6 2. c4 c5 3. Nf3 cxd4 4. Nxd4 e5 5. Nb5 Bb4+ 6. Bd2 Be7 7. N5c3 O-O 8. e4 Bc5 9. Qf3 d6 10. Qd3 Bxf2+
11. Kxf2 Qb6+ 12. Ke2 Qxb2 13. g3 Qxa1 14. Bg2 Nc6 15. Na3 Nd4+ 16. Kf2 Ng4#
0-1

[Event "GABIJ "]
[Site "SchemingMind.com"]
[Date "2024.01.07"]
[Round "-"]
[White "eliecercruzr"]
[Black "Kenny Elliott"]
[Result "1-0"]
[WhiteCountry "CUB"]
[BlackCountry "USA"]
[WhiteElo "2292"]
[WhiteRD "59"]
[BlackElo "1455"]
[BlackRD "84"]
[GameID "741158"]

1. e4 c5 2. Nf3 d6 3. d4 cxd4 4. Nxd4 e5 5. Bb5+ Bd7 6. Bxd7+ Nxd7 7. Nf5 g6 8. Nxd6+ Bxd6 9. Qxd6 Ne7 10. Bg5 Qa5+
11. b4 Qd8 12. Nc3 Nb6 13. Qxe5 Rg8 14. Nb5
1-0